Six ways to handle risk (Record no. 74525)

MARC details
000 -LEADER
fixed length control field 00947cab a2200169 4500
001 - CONTROL NUMBER
control field ABS68156
008 - FIXED-LENGTH DATA ELEMENTS--GENERAL INFORMATION
fixed length control field 040903n2004 000 0 eng u
035 ## - SYSTEM CONTROL NUMBER
System control number (Sirsi) u127254
100 ## - MAIN ENTRY--PERSONAL NAME
Personal name Bingham, T.
245 ## - TITLE STATEMENT
Title Six ways to handle risk
260 ## - PUBLICATION, DISTRIBUTION, ETC.
Date of publication, distribution, etc. 2004
490 ## - SERIES STATEMENT
Series statement Building
Volume/sequential designation 269(8346) 27 August 2004, 48-49(2)
520 ## - SUMMARY, ETC.
Summary, etc. Comments on the research report "The management of risk : yours, mine ours" (L127630), commissioned by RICS Project Management Faculty from the University of Reading to look at the issues surrounding risk management. Outlines the five ways that are mentioned to tackle risk including the intuitive approach and the snowboard approach. Summarises the main forms of risk in construction work such as the actions taken when the original budget set by the client is insufficient for the level of quality and performance expected of the project.
590 ## - LOCAL NOTE (RLIN)
Local note ABS
690 ## - LOCAL SUBJECT ADDED ENTRY--TOPICAL TERM (OCLC, RLIN)
Topical term or geographic name as entry element Project management
9 (RLIN) 6261
942 ## - ADDED ENTRY ELEMENTS (KOHA)
Suppress in OPAC 0
Holdings
Withdrawn status Lost status Source of classification or shelving scheme Damaged status Not for loan Home library Current library Shelving location Date acquired Total Checkouts Full call number Barcode Date last seen Copy number Price effective from Koha item type
    Dewey Decimal Classification     London London Journal article 06/09/2004   ABS68156 127254-1001 06/08/2019 1 06/08/2019 Journal article